| 000 | 00850nam a22002897a 4500 | ||
|---|---|---|---|
| 001 | 0074 | ||
| 003 | DO-SdBNP | ||
| 005 | 20180124090910.0 | ||
| 007 | 0074 | ||
| 008 | 151029b sp 1984 xxu||||| |||| 00| 0 spa d | ||
| 020 | _a8475251722 | ||
| 040 |
_aBPMSU _bspa _cBPMSU |
||
| 092 |
_axxxxxxxx _bxxxxxxxx |
||
| 100 | 1 | 0 |
_aLondon, Jack, _41876-1916 |
| 245 | 1 | 0 |
_aFragmentos del futuro / _cJack London ; traducción Francisco Cabezas Coca ; ilustración Juan Paccini |
| 260 |
_aMadrid, España : _bAnaya, _c1984. |
||
| 300 |
_a224 p. : _bil., _c20 cm. |
||
| 490 | 1 | 0 | _aTus libros |
| 490 | 1 | 0 | _aCiencia ficción |
| 700 | 1 | 0 |
_aCabezas Coca, Francisco, _etr. |
| 700 | 1 | 0 |
_aPaccini, Juan, _eil. |
| 830 | 0 | 0 | _aTus libros |
| 830 | 0 | 0 | _aCiencia ficción |
| 942 |
_2ddc _cBK |
||
| 945 | _aInventariado, 2018 / YL | ||
| 956 |
_aBrenda Tavárez _b10 _cBPMSU |
||
| 999 |
_c8492 _d8492 |
||